ANUIES : estudio sobre la demanda de educación de nivel medio superior : primer ingreso en el país y proposiciones para su solución (Record no. 62523)

MARC details
000 -CABECERA
campo de control de longitud fija 00695nam a2200205 a 4500
005 - FECHA Y HORA DE LA ÚLTIMA TRANSACCIÓN
campo de control 20210219152852.0
008 - ELEMENTOS DE LONGITUD FIJA--INFORMACIÓN GENERAL
campo de control de longitud fija 991125n 000 0 spa u
035 ## - NÚMERO DE CONTROL DEL SISTEMA
Número de control de sistema UPN01000064301
222 ## - TÍTULO CLAVE
Título clave EDUCACION :
Información calificativa REVISTA DEL CONSEJO NACIONAL TECNICO DE LA EDUCACION
245 ## - MENCIÓN DE TÍTULO
Título ANUIES : estudio sobre la demanda de educación de nivel medio superior : primer ingreso en el país y proposiciones para su solución
300 ## - DESCRIPCIÓN FÍSICA
Extensión 18-32
362 0# - FECHAS DE PUBLICACIÓN Y/O DESIGNACIÓN SECUENCIAL
Fecha de publicación y/o designación secuencial 1973 Vol. 1, no. 3 sep.-oct.
653 0# - TERMINO DE INDIZACION - NO CONTROLADO
Término no controlado BACHILLERATO
653 0# - TERMINO DE INDIZACION - NO CONTROLADO
Término no controlado DEMANDA EDUCATIVA
653 0# - TERMINO DE INDIZACION - NO CONTROLADO
Término no controlado EDUCACION SUPERIOR
653 0# - TERMINO DE INDIZACION - NO CONTROLADO
Término no controlado ESTADISTICAS EDUCATIVAS
653 0# - TERMINO DE INDIZACION - NO CONTROLADO
Término no controlado ESTUDIOS DE POSGRADO
904 ## - ELEMENTOS DE DATOS D LOCAL, LDD (RLIN)
a AC
b 002112
905 ## - TIPO DE MATERIAL
Tipo de material Articulo

No items available.